| 000 | 01481nam a22002657a 4500 | ||
|---|---|---|---|
| 005 | 20110701105115.0 | ||
| 020 |
_a8182631599 _c20.00 |
||
| 020 |
_a9788182631595 _c20.00 |
||
| 035 | _aB-432454-458 | ||
| 037 |
_aDPL _bBlue Berry |
||
| 082 | _aS | ||
| 100 |
_aOhri, Herminder _929838 |
||
| 245 |
_aSniffles, the Crocodile and Punch, the Butterfly/ _cby Herminder Ohri; |
||
| 250 | _a3rd | ||
| 260 |
_aNew Delhi _bPratham Books _c2010 |
||
| 270 |
_a633-634,4th "C" Main,6th 'B' Cross, OMBR Layout Banaswadi, _bBangalore _e560043 _k911141042483 (New Delhi) |
||
| 300 |
_a17p. _bill. _c16 cm.(pbk) |
||
| 942 |
_2ddc _cCH _hS _mOHR |
||
| 999 |
_c53476 _d53476 |
||